000 00269nam a22001217a 4500
082 _a823
_bARA/T
100 _aARAVINDAKSHAN, V
245 _aTREASURE ISLAND
260 _aCALICUT
_bUNIVERSITY PRESS
_c1995
300 _a136
650 _aENGLISH STORY
_zINDIA
942 _cBK
999 _c7264
_d7264